000
00299nam a2200109Ia 4500
008
190723s9999 xx 000 0 und d
020
_a
679008446
245
_a
Fodor's pocket Philippines/
260
_a
New York:
_b
Random House, Inc.
_c
2003
300
_a
viii, 95 p. :
_c
180 cm.
650
_a
Philippines
999
_c
362010
_d
362010